Star Wars : Palpatine - Statistiques

Statistiques générales
  • Ce quiz a été pris 51 fois
  • Le résultat moyen est 13 sur 15
Statistiques - réponses
Hint Réponse % Correct
Caractéristique Son nom de Sith Dark Sidious
96%
Équipement Couleur de son sabre laser Rouge
96%
Son entourage Premier apprenti Dark Maul
94%
Son entourage Troisième apprenti Dark Vador
94%
Caractéristiques Titre au sein de l'Empire galactique Empereur
94%
Son entourage Deuxième apprenti Comte Dooku
90%
Équipement Ordre donné aux clones pour éliminer les jedi Ordre 66
90%
Équipement Super-arme créée sous son Empire Étoile de la Mort
88%
Film Premier film d'apparition La Menace fantôme
85%
Son entourage Sa petite-fille Rey Skywalker
85%
Caractéristiques Titre au sein de la République Chancelier Suprême
83%
Son entourage Clone suprême leader créé par lui Snoke
75%
Film Dernier film d'apparition L'Ascension de Skywalker
67%
Environnement Planète d'origine Naboo
65%
Environnement Planète de son retour Exegol
52%
Aucun quiz correspondant
Distribution des résultats
% des personnes avec chaque résultat
Percentile par nombre de réponses
Votre historique - résultats
Vous n’avez pas pris ce quiz